000 00347nam a2200109 4500
999 _c11361
_d11361
008 181117b ||||| |||| 00| 0 eng d
245 _aFake news, machine learning, ransomware attacks and more to hound 2018.
260 _aPhilippines
_bPhilippine Daily Inquirer
_cc2017
300 _apage B3-4.
650 0 _932625
_aCrimes-cyber.
942 _2ddc
_cPER